000 01255nab a2200349 a 4500
001 75264
003 0
005 20241217151208.0
006 m o d |
007 cr cn|||||||||
008 201201r2000 mx |||||s|||||||||||spa d
022 _a0187-7372
035 _a(OCoLC)955379368
040 _aFlNmELB
_bspa
_cFlNmELB
050 4 _aH1
_bM9661 2000
082 0 4 _a300
_222
100 1 _aMungaray, Alejandro.
222 0 _aFrontera Norte
245 1 0 _aExpansión global y desarrollo local de proveedores en Tijuana
_h[recurso electronico] /
_cAlejandro Mungaray, César Benítez.
260 _aTijuana (México) :
_bEl Colegio de la Frontera Norte,
_c2000.
300 _a19 p.
310 _aSemestral
362 0 _aVol. 13, No. 24(2000)-
533 _aRecurso electrónico. Santa Fe, Arg.: e-libro, 2015. Disponible vía World Wide Web. El acceso puede estar limitado para las bibliotecas afiliadas a e-libro.
650 4 _aCiencias Sociales.
_vPublicaciones seriadas.
_zMéxico.
650 4 _aSocial Science.
_vPeriodicals.
_zMexico.
655 4 _aArtículos electrónicos.
700 1 _aBenítez, César.
710 2 _ae-libro, Corp.
856 4 0 _uhttps://elibro.net/ereader/politecnicointernacional/8126
942 _cLIBROS
999 _c75264
_d75264